Loading...
Handbuch der lehre von der verteilung der primzahlen
| Main Author: | |
|---|---|
| Format: | Printed Book |
| Published: |
Chelsea Publishing Co., New York
1953
|
| Edition: | 23 |
| Subjects: |
| LEADER | 00525nam a2200169 4500 | ||
|---|---|---|---|
| 082 | |a 512.7 LAN-H2;1 | ||
| 100 | |a Landau, Edmund | ||
| 245 | |a Handbuch der lehre von der verteilung der primzahlen |c Edmund Landau | ||
| 250 | |a 23 | ||
| 260 | |a Chelsea Publishing Co., New York |c 1953 | ||
| 300 | |||
| 490 | |||
| 650 | |a Number theory-- Algebra-- Mathematics | ||
| 700 | |||
| 942 | |c BK | ||
| 999 | |c 200062 |d 200062 | ||
| 952 | |0 0 |1 0 |4 0 |6 512_700000000000000_LANH21 |7 0 |9 213411 |a MAT |b MAT |l 0 |o 512.7 LAN-H2;1 |p MAT633 |r 2019-11-01 |w 2019-11-01 |y BK | ||